000 00571nam a22002177a 4500
003 OSt
005 20140310182835.0
008 130605t xxu||||| |||| 00| 0 eng d
020 _a071310516X
050 _aQD 33
_b.Un56 1981
082 _25th ed.
_aM 540
_bUn2 1981
245 _aChemistry
_cUnderwood, D. N.; Webster, D.E.
250 _a5th ed.
260 _aSingapore :
_bHoong Fatt Press,
_cc1981.
300 _aviii, 540 p.
_bill. ;
_c23 cm.
521 _aCollege Students
526 _c1210L-1700L
541 _j1
562 _e1
942 _2lcc
_cBK
_kM
999 _c16718
_d16718